Experiencia, cuerpo e identidad en la sociedad señorial en América Latina. Experience, body and identity in noble Latin American Society /

Este artículo analiza la interacción de representación y experiencia en las relaciones entre cuerpo e identidad en la historia e América Latina. A través del análisis de algunos discursos expone los vínculos entre las actividades íntimas y privadas, cuya función es encarnar y expresar la división so...

ver descrição completa

Na minha lista:
Detalhes bibliográficos
Autor principal: Pedraza Gómez, Zandra
Formato: Texto
Assuntos:
Tags: Adicionar Tag
Sem tags, seja o primeiro a adicionar uma tag!

MARC

LEADER 00000 a a2200000 04500
001 7369
003
040
100 |a Pedraza Gómez, Zandra  
245 |a Experiencia, cuerpo e identidad en la sociedad señorial en América Latina. Experience, body and identity in noble Latin American Society /  |c Zandra Pedraza Gómez 
520 |a Este artículo analiza la interacción de representación y experiencia en las relaciones entre cuerpo e identidad en la historia e América Latina. A través del análisis de algunos discursos expone los vínculos entre las actividades íntimas y privadas, cuya función es encarnar y expresar la división social del trabajo simbólico, y sus lazos con las representaciones sociales del cuerpo, los ordenes sociales y su reproducción  
650 |a IDENTIDAD CULTURAL  
650 |a REPRESENTACIONES SOCIALES  
650 |a AMERICA LATINA  
773 |g volumen 17, número 2; páginas 247-266  
999 |c 22529  |d 22529